| 000 | 00364nam a2200157Ia 4500 | ||
|---|---|---|---|
| 003 | GCL | ||
| 008 | 140319s9999 xx 000 0 eng d | ||
| 040 |
_aGCL / _cGCL |
||
| 082 | 0 | 4 |
_a843 _bH O |
| 100 | 1 | _aHOMERE | |
| 245 | 1 | 0 |
_aODYSSEE / _cHOMERE |
| 260 |
_a[S.N] : _bLE LIVRE DE POCHE |
||
| 650 | 0 | 4 | _aLITERATURE |
| 650 | 0 | 4 | _aFRENCH LITERATURE |
| 942 |
_2ddc _cBK |
||
| 999 |
_c22467 _d22467 |
||